[Event "Syre Memorial op 36th"]
[Site "Issy les Moulineaux"]
[Date "2013.05.10"]
[Round "5"]
[White "Austruy, Daniel"]
[Black "Tchimichkian, Vardan"]
[Result "1/2-1/2"]
[WhiteElo "1514"]
[BlackElo "1495"]
[PlyCount "22"]
[EventDate "2013.05.08"]
[EventType "swiss"]
[EventRounds "7"]
[EventCountry "FRA"]
[SourceTitle "EXT 2015"]
[Source "ChessBase"]
[SourceDate "2014.11.20"]
[SourceVersion "1"]
[SourceVersionDate "2014.11.20"]
[SourceQuality "1"]

1. d4 e5 2. dxe5 Nc6 3. Nf3 Qe7 4. c3 Nxe5 5. Nxe5 Qxe5 6. Nd2 c6 7. Nf3 Qc7 8. Bg5 d5 9. e3 Bd6 10. Bh4 Nf6 11. Bg3 Ne4 1/2-1/2

[Event "Syre Memorial op 33th"]
[Site "Issy les Moulineaux"]
[Date "2010.05.16"]
[Round "5"]
[White "Kassis, Antoine1111"]
[Black "Austruy, Daniel"]
[Result "1-0"]
[WhiteElo "2200"]
[BlackElo "1619"]
[PlyCount "47"]
[EventDate "2010.05.13"]
[EventType "swiss"]
[EventRounds "6"]
[EventCountry "FRA"]
[SourceTitle "EXT 2011"]
[Source "ChessBase"]
[SourceDate "2010.11.26"]
[SourceVersion "1"]
[SourceVersionDate "2010.11.26"]
[SourceQuality "1"]

1. d4 d5 2. c4 c6 3. Nc3 Nf6 4. Nf3 e6 5. g3 dxc4 6. Bg2 Bb4 7. 0-0 Nbd7 8. Qc2 0-0 9. Rd1 Nd5 10. a4 a5 11. e4 N5b6 12. Bf4 Nf6 13. Na2 Qe7 14. Nd2 Bxd2 15. Rxd2 Rd8 16. Rad1 Nh5 17. Be3 e5 18. dxe5 Rxd2 19. Qxd2 Nd7 20. g4 Qxe5 21. gxh5 Qxh5 22. Nc3 f6 23. f4 Qf7 24. Qd4 1-0

[Event "Champigny sur Marne op"]
[Site "Champigny sur Marne"]
[Date "2005.03.??"]
[Round "1"]
[White "Austruy, Daniel"]
[Black "Maurice, Olivier"]
[Result "1/2-1/2"]
[WhiteElo "1770"]
[BlackElo "1980"]
[PlyCount "101"]
[EventDate "2005.03.??"]
[EventType "swiss"]
[EventRounds "7"]
[EventCountry "FRA"]
[SourceTitle "EXT 2007"]
[Source "ChessBase"]
[SourceDate "2006.11.23"]
[SourceVersion "1"]
[SourceVersionDate "2006.11.23"]
[SourceQuality "1"]

1. d4 e6 2. Nf3 f5 3. Bg5 Nf6 4. Nbd2 Be7 5. c3 b6 6. e3 Bb7 7. Bd3 d6 8. Qa4+ Bc6 9. Qb3 Qd7 10. 0-0 Ba4 11. Qa3 d5 12. b4 0-0 13. Ne5 Qe8 14. Qb2 Nc6 15. Ndf3 Bd6 16. Bf4 Ne4 17. a3 Ne7 18. c4 dxc4 19. Bxc4 Nd5 20. Rac1 Nxf4 21. exf4 Bb5 22. Rc2 Bxc4 23. Rxc4 Rf6 24. Rc6 Rh6 25. b5 Qh5 26. Rfc1 g5 27. fxg5 Nxg5 28. Nxg5 Qxg5 29. R1c3 Qf4 30. Rg3+ Kf8 31. Rh3 Rxh3 32. gxh3 Ke7 33. Rc3 Bxe5 34. dxe5 Qxe5 35. Qb4+ Kf7 36. Rg3 Rd8 37. Qh4 Rd1+ 38. Kg2 Qe4+ 39. Qxe4 fxe4 40. Re3 Rd5 41. a4 Rd4 42. Ra3 Rb4 43. Kg3 Kf6 44. Kf4 e5+ 45. Ke3 Ke6 46. Kd2 Rd4+ 47. Ke3 Kd5 48. Ke2 c5 49. bxc6 Kxc6 50. Ke3 Kd5 51. Ke2 1/2-1/2

[Event "Noisy le Grand op"]
[Site "Noisy le Grand"]
[Date "2003.??.??"]
[Round "3"]
[White "Austruy, Daniel"]
[Black "Bodin Hullin, Thomas"]
[Result "1-0"]
[WhiteElo "1480"]
[BlackElo "1350"]
[PlyCount "93"]
[EventDate "2003.05.??"]
[EventType "swiss"]
[EventRounds "7"]
[EventCountry "FRA"]
[SourceTitle "EXT 2005"]
[Source "ChessBase"]
[SourceDate "2004.11.15"]
[SourceVersion "1"]
[SourceVersionDate "2004.11.15"]
[SourceQuality "1"]

1. d4 d5 2. Nf3 e6 3. c3 Bd7 4. Bg5 Be7 5. Bxe7 Qxe7 6. e3 Nf6 7. Bd3 0-0 8. Nbd2 c5 9. 0-0 c4 10. Bc2 Nc6 11. Re1 b5 12. e4 Bc8 13. e5 Nd7 14. Re3 Ba6 15. Ne1 f6 16. Qh5 h6 17. Qg6 f5 18. Rh3 Qg5 19. Qxe6+ Kh8 20. Ndf3 Qd8 21. Qxc6 Nb6 22. Qg6 Bc8 23. Rg3 Qe7 24. Nh4 Qf7 25. Nef3 Kg8 26. Qxf7+ Rxf7 27. Ng6 f4 28. Nxf4 Rxf4 29. Bg6 Be6 30. h4 Na4 31. Rb1 Rb8 32. a3 a5 33. Bc2 Nb6 34. Nd2 Nd7 35. Rg6 Nf8 36. g3 Rf7 37. Rxe6 Nxe6 38. f4 b4 39. Bg6 Rff8 40. f5 Nc7 41. axb4 axb4 42. Re1 bxc3 43. bxc3 Rb2 44. Re2 Ra8 45. Kf2 Ra3 46. e6 Kf8 47. e7+ 1-0

[Event "Noisy le Grand op"]
[Site "Noisy le Grand"]
[Date "2003.??.??"]
[Round "4"]
[White "Bogratchew, Albert"]
[Black "Austruy, Daniel"]
[Result "1-0"]
[WhiteElo "1730"]
[BlackElo "1480"]
[PlyCount "61"]
[EventDate "2003.05.??"]
[EventType "swiss"]
[EventRounds "7"]
[EventCountry "FRA"]
[SourceTitle "EXT 2005"]
[Source "ChessBase"]
[SourceDate "2004.11.15"]
[SourceVersion "1"]
[SourceVersionDate "2004.11.15"]
[SourceQuality "1"]

1. e4 c6 2. d4 d5 3. e5 Bf5 4. Bd3 Bxd3 5. Qxd3 e6 6. f4 c5 7. c3 Nc6 8. Nf3 Qb6 9. a3 Nge7 10. dxc5 Qxc5 11. Be3 Qc4 12. Qxc4 dxc4 13. Nbd2 b5 14. Bc5 a6 15. Ne4 Nd5 16. Bxf8 Rxf8 17. g3 0-0-0 18. 0-0-0 Na5 19. Nd4 Rd7 20. Rd2 h6 21. Rf1 Kc7 22. Nc5 Rdd8 23. Nxa6+ Kb6 24. Nb4 Rd7 25. Nxd5+ Rxd5 26. Kc2 Rfd8 27. Rfd1 Kc5 28. Nf3 Nb3 29. Rxd5+ Rxd5 30. Nd2 Na1+ 31. Rxa1 1-0

[Event "Noisy le Grand op"]
[Site "Noisy le Grand"]
[Date "2003.??.??"]
[Round "7"]
[White "Davy, Bruno"]
[Black "Austruy, Daniel"]
[Result "1-0"]
[WhiteElo "1820"]
[BlackElo "1480"]
[PlyCount "109"]
[EventDate "2003.05.??"]
[EventType "swiss"]
[EventRounds "7"]
[EventCountry "FRA"]
[SourceTitle "EXT 2005"]
[Source "ChessBase"]
[SourceDate "2004.11.15"]
[SourceVersion "1"]
[SourceVersionDate "2004.11.15"]
[SourceQuality "1"]

1. d4 d5 2. c4 c6 3. Nc3 Nf6 4. Bg5 a6 5. cxd5 cxd5 6. Nf3 Bf5 7. Qb3 b5 8. Bxf6 exf6 9. Qxd5 Qxd5 10. Nxd5 Bd6 11. e3 0-0 12. Be2 Rc8 13. Nb6 Bb4+ 14. Kf1 Nc6 15. Nxa8 Rxa8 16. a3 Bd6 17. Nh4 Bd7 18. Bd3 Na5 19. Rc1 g6 20. Ke2 Bg4+ 21. f3 Bd7 22. g4 Re8 23. Ng2 Nb3 24. Rc3 Nxd4+ 25. Kf2 Ne6 26. Rd1 Be5 27. Rc2 Rc8 28. Rxc8+ Bxc8 29. Rd2 Bb7 30. f4 Bc7 31. b4 Bc6 32. Rc2 Bb7 33. f5 Bxh2 34. fxe6 fxe6 35. Nf4 Bd5 36. Nxd5 exd5 37. Rc6 Be5 38. Rxa6 d4 39. e4 Kg7 40. Bxb5 Kh6 41. Kf3 Kg5 42. Bd3 h5 43. gxh5 Kxh5 44. Ra5 g5 45. Rxe5 fxe5 46. b5 Kh4 47. Kg2 Kg4 48. b6 Kf4 49. b7 Ke3 50. b8Q Kxd3 51. Qxe5 Kc3 52. Qd5 Kd3 53. e5 g4 54. Qxd4+ Kxd4 55. e6 1-0